000 00761cab a2200265 4500
001 ABS51196
008 090401t1994 xxu||||| |||| 00| 0 eng d
035 _a(Sirsi) u14509
041 _aeng
100 _aJerram, D.
245 _aFair trial
260 _c1994
350 _a0
490 _aNew Civil Engineer
_v18/25 August 1994, 20(1)
520 _aDiscusses "Laserbore Limited v Morrison Biggs Wall Limited" which considered the definition of `fair and reasonable payment`.
650 _aFAIR AND REASONABLE PAYMENT
650 _aLETTER OF INTENT
650 _aLIABILITY
650 _aPIPELINES
650 _aSUBCONTRACTS
650 _aTUNNELING
690 _aBUILT ENVIRONMENT-BUILDING CONTRACT FORMS
942 _n0
948 _c04/03/1997
999 _c9460
_d9460